Closed for training : a retailing assignments workbook
| Main Authors: | , |
|---|---|
| Format: | Book |
| Published: |
London :
Pitman ,
1985
|
| Subjects: |
MARC
| LEADER | 00000cam a2200000 7i4500 | ||
|---|---|---|---|
| 001 | 0000008900 | ||
| 005 | 20021119093000.0 | ||
| 008 | 021119n | ||
| 020 | |a 0273021672 | ||
| 050 | 0 | 0 | |a HF5429 |b .R65 |
| 090 | 0 | 0 | |a HF5429 |b .R65 |
| 100 | 0 | |a Romano, Soraya , |e author | |
| 245 | 0 | 0 | |a Closed for training : |b a retailing assignments workbook |c Soraya Romano and Kern Roberts |
| 260 | 2 | |a London : |b Pitman , |c 1985 | |
| 300 | |a 66 p. ; ; |c 24 cm. | ||
| 650 | 0 | |a Retail trade |x Problems, exercises, etc. | |
| 700 | 0 | |a Robert, K. , |e author | |
| 999 | |a 1000020952 |b Book |c Close Access |e Gong Badak Campus | ||